Повышение надежности и рабочего ресурса основных агрегатов и систем тепловых электрических станций за счет более точных оценок рабочих температур: автореферат диссертации на соискание ученой степени кандидата технических наук; спец. 05.14.14; спец. 01.04.14

Dettagli Bibliografici
Autore principale: Атрошенко Ю. К. Юлиана Константиновна
Ente Autore: Национальный исследовательский Томский политехнический университет (ТПУ) Энергетический институт (ЭНИН) Кафедра автоматизации теплоэнергетических процессов (АТП)
Altri autori: Стрижак П. А. Павел Александрович (научный руководитель), Озерова И. П. Ирина Петровна
Riassunto:Заглавие с титульного экрана
Электронная версия печатной публикации
Lingua:russo
Pubblicazione: Томск, 2016
Soggetti:
Accesso online:http://earchive.tpu.ru/handle/11683/35252
Natura: MixedMaterials Elettronico Libro
KOHA link:https://koha.lib.tpu.ru/cgi-bin/koha/opac-detail.pl?biblionumber=320961

MARC

LEADER 00000nlm0a2200000 4500
001 320961
005 20231227111700.0
035 |a (RuTPU)RU\TPU\book\346492 
035 |a RU\TPU\book\346491 
090 |a 320961 
100 |a 20160802d2016 k y0rusy50 ca 
101 0 |a rus 
102 |a RU 
105 |a a dm 001zy 
135 |a drcn ---uucaa 
181 0 |a i  
182 0 |a b 
200 1 |a Повышение надежности и рабочего ресурса основных агрегатов и систем тепловых электрических станций за счет более точных оценок рабочих температур  |e автореферат диссертации на соискание ученой степени кандидата технических наук  |e спец. 05.14.14  |e спец. 01.04.14  |f Ю. К. Атрошенко  |g Национальный исследовательский Томский политехнический университет (ТПУ) ; науч. рук. П. А. Стрижак, И. П. Озерова 
203 |a Текст  |c электронный 
210 |a Томск  |d 2016 
215 |a 1 файл (839 Kb) 
300 |a Заглавие с титульного экрана 
300 |a Электронная версия печатной публикации 
452 1 |0 (RuTPU)RU\TPU\book\349461  |t Повышение надежности и рабочего ресурса основных агрегатов и систем тепловых электрических станций за счет более точных оценок рабочих температур  |o автореферат диссертации на соискание ученой степени кандидата технических наук  |o спец. 05.14.14  |o спец. 01.04.14  |f Ю. К. Атрошенко  |g Национальный исследовательский Томский политехнический университет (ТПУ) ; науч. рук. П. А. Стрижак ; И. П. Озерова  |c Томск  |n [Б. и.]  |d 2016  |p 22 с.  |a Атрошенко, Юлиана Константиновна 
606 1 |a Тепловые электрические станции  |x Теплосиловое оборудование  |x Надежность  |2 stltpush  |3 (RuTPU)RU\TPU\subj\59672  |9 77179 
610 1 |a авторефераты диссертаций 
610 1 |a электронный ресурс 
610 1 |a труды учёных ТПУ 
610 1 |a агрегаты 
610 1 |a тэс 
610 1 |a рабочие температуры 
610 1 |a температурные изменения 
610 1 |a погрешности 
610 1 |a теплоперенос 
610 1 |a ресурс работы 
610 1 |a тепловая защита 
610 1 |a блокировка 
610 1 |a паровые котлы 
610 1 |a паропреобразователи 
610 1 |a защитные гильзы 
610 1 |a эксплуатационная безопасность 
675 |a 621.311.22.002.5:621.1-192(04)  |v 4 
686 |a спец. 05.14.14  |2 oksvnk 
686 |a спец. 01.04.14  |2 oksvnk 
700 1 |a Атрошенко  |b Ю. К.  |c специалист в области теплоэнергетики  |c старший преподаватель Томского политехнического университета, инженер  |f 1989-  |g Юлиана Константиновна  |3 (RuTPU)RU\TPU\pers\32495  |9 16442 
702 1 |a Стрижак  |b П. А.  |c специалист в области теплоэнергетики  |c профессор Томского политехнического университета, доктор физико-математических наук  |f 1985-  |g Павел Александрович  |4 727 
702 1 |a Озерова  |b И. П.  |c специалист в области теплоэнергетики  |c доцент Томского политехнического университета  |f 1952-  |g Ирина Петровна  |4 727 
712 0 2 |a Национальный исследовательский Томский политехнический университет (ТПУ)  |b Энергетический институт (ЭНИН)  |b Кафедра автоматизации теплоэнергетических процессов (АТП)  |3 (RuTPU)RU\TPU\col\18678 
801 2 |a RU  |b 63413507  |c 20161216  |g RCR 
856 4 |u http://earchive.tpu.ru/handle/11683/35252 
942 |c CF